000 00709nam a2200193 i 4500
001 64710
003 ES-MaACL
005 20250807123548.0
007 t|
008 040105s1964 sp |||| | spa d
100 0 _aCarlos de Foucauld,
_cSanto,
_d1858-1916
_9165663
245 1 0 _aEscritos espirituales /
_cde Charles de Foucauld, ermitaño del Sáhara, apóstol de los tuareg ; prefacio de Rene Bazin ; traducción de francés por un miembro de la Fraternidad Laica de los Hermanos de Jesús.
250 _a2ª ed.
260 _aMadrid :
_bStudium,
_c1964.
300 _a189 p. ;
_c20 cm.
700 1 _aBazin, René,
_d1853-1932
_926752
852 _aES-MaACL
_jC-25801
999 _c64710
_d64710